000
00273nam a22001217a 4500
082
_a
425
_b
CAR/E
100
_a
CARROLL,BRENDAN. J
245
_a
ENGLISH FOR COLLEGES
260
_a
MADRAS
_b
MACMILLAN INDIA LIMITED
300
_a
204
650
_a
VOCABULARY
_z
INDIA
942
_c
BK
999
_c
3935
_d
3935